000 00535cam a2200145 4500500
005 20251012010649.0
041 _afre
042 _adc
100 1 0 _aCerf, Juliette
_eauthor
245 0 0 _aBernard Stiegler. « C’est toute une écologie de l’affect que la télévision vient court-circuiter »
260 _c2009.
500 _a81
786 0 _nPhilosophie magazine | 34 | 11 | 2009-11-01 | p. 8-8 | 1951-1787
856 4 1 _uhttps://shs.cairn.info/magazine-philosophie-magazine-2009-11-page-8?lang=fr&redirect-ssocas=7080
999 _c1520128
_d1520128